The Prisoner of Mandalay/ (Record no. 179790)

MARC details
000 -LEADER
fixed length control field 00576nam a22001817a 4500
005 - DATE AND TIME OF LATEST TRANSACTION
control field 20210708150239.0
010 ## - LCCN (DPL NO)
LC control number ENG-129530
020 ## - INTERNATIONAL STANDARD BOOK NUMBER
Terms of availability 420.00
International Standard Book Number 978-81-237-8850-0
035 ## - SYSTEM CONTROL NUMBER
System control number EN-113062
037 ## - SOURCE OF ACQUISITION
Source of stock number/acquisition DBAD/PUB
082 ## - DEWEY DECIMAL CLASSIFICATION NUMBER
Classification number 920
100 ## - MAIN ENTRY--PERSONAL NAME
Personal name Arvind vyankatesh gokhale
245 ## - TITLE STATEMENT
Title The Prisoner of Mandalay/
Statement of responsibility, etc by Arvind vyankatesh gokhale
260 ## - PUBLICATION, DISTRIBUTION, ETC. (IMPRINT)
Place of publication, distribution, etc New Delhi
Name of publisher, distributor, etc National Book trust
Date of publication, distribution, etc 2019
270 ## - ADDRESS
City New Delhi
Address Nehru bhawan , 5 Institutional area , phase -2, vasant kunj
Postal code 110070
300 ## - PHYSICAL DESCRIPTION
Extent 476p;
Dimensions 21cm(pbk)
942 ## - ADDED ENTRY ELEMENTS (KOHA)
Source of classification or shelving scheme Dewey Decimal Classification
Item type English Books
Classification part 920
Call number suffix GOK
Holdings
Withdrawn status Lost status Not for loan Collection code Home library Current library Date acquired Source of acquisition Cost, normal purchase price Full call number Barcode Copy number Cost, replacement price Koha item type
      Non-fiction Central Library Central Library 08/07/2021 DBAD/PUB 420.00 920 GOH EN-113062 1 420.00 English Books

© Delhi Public Library
Hit Counter
free hit counter